[Event "EU-ch U14"]
[Site "Rimavska Sobota"]
[Date "1996.??.??"]
[Round "8"]
[White "Kobylkin, Evgeni"]
[Black "Shinkevich, Vitaly"]
[Result "1/2-1/2"]
[WhiteElo "2365"]
[BlackElo "2400"]

1.d4 Nf6 2.c4 g6 3.Nc3 Bg7 4.e4 d6 5.Nf3 O-O 6.Be2 e5 7.O-O Nc6 8.d5 Ne7
9.Ne1 Ne8 10.Be3 f5 11.f3 c5 12.Rb1 f4 13.Bf2 h5 14.b4 b6 15.bxc5 bxc5 16.Rb2 g5
17.Qb1 Ng6 18.Bd1 g4 19.Kh1 g3 20.Bg1 gxh2 21.Bf2 Nf6 22.Ba4 Bd7 23.Bxd7 Nxd7
24.Qc2 Bf6 25.Qa4 Nb6 26.Qa6 Qc8 27.Qb5 Rb8 28.Nd3 h4 29.a4 h3 30.a5 hxg2+
31.Kxg2 Kf7 32.Rh1 Nh4+ 33.Bxh4 Rg8+ 34.Kxh2 Bxh4 35.Qc6 Qxc6 36.dxc6 Nxc4
37.Rxb8 Rxb8 38.Nd5 Ne3 39.Nxe3 fxe3 40.Kh3 c4 41.Nc1 Be7 42.f4 exf4 43.Kg4 Rc8
44.Rh7+ Ke6 45.Ne2 Bf6 46.Kxf4 Rxc6 47.Kxe3 Bg5+ 48.Kf3 Ke5 49.Rxa7 c3 50.Rf7 Bf6
51.a6 Rxa6 52.Rc7 Ke6 53.Ke3 Be5 54.Nxc3 Ra3 55.Kd2 Kf6 56.Rc6 Rb3 57.Kc2 Rb8
58.Kd3 Kg5 59.Kc4 Kf6 60.Nd5+ Kg5 61.Nc3 Kf4 62.Nb5  1/2-1/2

[Event "EU-ch U18"]
[Site "Rimavska Sobota"]
[Date "1996.??.??"]
[Round "9"]
[White "Surma, Dmitry"]
[Black "Mai, Philipp"]
[Result "1-0"]
[WhiteElo "2275"]
[BlackElo "2150"]

1.d4 Nf6 2.c4 g6 3.Nc3 Bg7 4.e4 d6 5.Nf3 O-O 6.Be2 e5 7.O-O Nc6 8.d5 Ne7
9.Nd2 c5 10.dxc6 bxc6 11.Nb3 Be6 12.f4 Qb6+ 13.Kh1 Ne8 14.Qd3 Rd8 15.Be3 Qc7
16.Rad1 Rb8 17.f5 Bc8 18.c5 d5 19.fxg6 d4 20.gxf7+ Rxf7 21.Rxf7 Kxf7 22.Rf1+ Nf6
23.Nxd4 exd4 24.Bf4 Qd7 25.Bxb8 dxc3 26.Qxc3 Kg6 27.Qg3+ Kf7 28.Bc4+ Kf8
29.Bd6  1-0

[Event "San Roque"]
[Site "San Roque"]
[Date "1996.??.??"]
[Round "3"]
[White "Azmaiparashvili, Zurab"]
[Black "Rodriguez Talavera, Juan Carlos"]
[Result "1-0"]
[WhiteElo "2660"]
[BlackElo "2425"]

1.Nf3 Nf6 2.d4 g6 3.c4 Bg7 4.Nc3 O-O 5.e4 d6 6.Be2 e5 7.O-O Nc6 8.d5 Ne7
9.b4 Nh5 10.c5 Nf4 11.Bxf4 exf4 12.Rc1 Bg4 13.Nd4 Bxe2 14.Ncxe2 g5 15.Qc2 Ng6
16.f3 Be5 17.cxd6 cxd6 18.Qc7 Qf6 19.Nf5 Rab8 20.g3 h5 21.Kh1 Kh7 22.b5 Rg8
23.Qa5 Ra8 24.Rc7 Rgc8 25.Rfc1 b6 26.Qa3 Rg8 27.R1c6 Rgd8 28.Rb7 fxg3 29.hxg3 h4
30.f4 gxf4 31.Qf3 Qg5 32.gxf4 Nxf4 33.Nxf4 Rg8 34.Rxf7+ Kh8 35.Nh3 Qg4 36.Qxg4 Rxg4
37.Rcc7  1-0

[Event "Sao Paulo-ch"]
[Site "Sao Paulo"]
[Date "1996.??.??"]
[Round "3"]
[White "Rocha, Wellington Carlos"]
[Black "Braga, Cicero"]
[Result "0-1"]
[WhiteElo "2305"]
[BlackElo "2390"]

1.d4 Nf6 2.c4 g6 3.Nc3 Bg7 4.e4 d6 5.Nf3 O-O 6.Be2 e5 7.O-O Nc6 8.d5 Ne7
9.Ne1 Nd7 10.Nd3 f5 11.Bd2 Nf6 12.f3 h5 13.c5 c6 14.cxd6 Qxd6 15.Be3 b6 16.dxc6 Nxc6
17.Nb5 Qe7 18.Rc1 Bb7 19.exf5 gxf5 20.f4 Ng4 21.Nxe5 Ncxe5 22.Rc7 Qh4 23.Qb3+ Kh8  0-1

[Event "Sao Paulo Charlier"]
[Site "Sao Paulo"]
[Date "1996.??.??"]
[Round "4"]
[White "Rocha, Wellington Carlos"]
[Black "Ruppel, Luiz B"]
[Result "1-0"]
[WhiteElo "2305"]
[BlackElo "2270"]

1.d4 Nf6 2.Nf3 g6 3.c4 Bg7 4.Nc3 d6 5.e4 O-O 6.Be2 e5 7.O-O Nc6 8.d5 Ne7
9.Ne1 Nd7 10.Nd3 a5 11.Bd2 f5 12.Rc1 Kh8 13.a3 Nf6 14.f3 f4 15.c5 g5 16.g4 Ng6
17.Be1 Rf7 18.cxd6 cxd6 19.Bf2 h5 20.h3 Nh4 21.Na4 hxg4 22.hxg4 Nxg4 23.fxg4 f3
24.Bxh4 fxe2 25.Qxe2 Rxf1+ 26.Rxf1 gxh4 27.Qe3 Bxg4 28.Nf2 Bh5 29.Nh3 Qe8
30.Nb6 Ra6 31.Kh2 Qb5 32.Rf2 Rxb6 33.Qg5 Qe8 34.Rg2 Bg6 35.Qxh4+ Kg8 36.Qg4 Bf6
37.Rc2 Kh7 38.Rc7+ Kh6 39.Qe2 Qb5 40.Qe3+ Kh5 41.Qf3+ Kh6 42.Qxf6 Qxb2+ 43.Nf2 Qd2
44.Qh4+ Bh5 45.Rf7 Rb2 46.Rf5 Qe2 47.Qg5+ Kh7 48.Rf6  1-0

[Event "Sao Paulo-ch"]
[Site "Sao Paulo"]
[Date "1996.??.??"]
[Round "7"]
[White "Vescovi, Giovanni"]
[Black "Braga, Cicero"]
[Result "1-0"]
[WhiteElo "2490"]
[BlackElo "2390"]

1.d4 Nf6 2.c4 g6 3.Nc3 Bg7 4.e4 d6 5.Nf3 O-O 6.Be2 e5 7.O-O Nc6 8.d5 Ne7
9.Ne1 Nd7 10.Be3 f5 11.f3 f4 12.Bf2 h5 13.a4 a5 14.Nb5 b6 15.b4 axb4 16.Nd3 g5
17.Be1 Nc5 18.Bxb4 c6 19.dxc6 Nxc6 20.Be1 Nd4 21.Nb4 Be6 22.Bf2 Ncb3 23.Ra3 Nxb5
24.cxb5 Nd4 25.Nc6 Nxc6 26.bxc6 d5 27.exd5 Qxd5 28.Bb5 g4 29.Qxd5 Bxd5 30.Rd1 Be6
31.Rd6 Kf7 32.Bxb6 Rfc8 33.Rd1 Bf8 34.Rad3 Bb4 35.Rc1 Rab8 36.Ba7 Ra8 37.Bb6 Kf6
38.c7 Ba5 39.Bxa5 Rxa5 40.Rc6  1-0

[Event "Sao Paulo-ch"]
[Site "Sao Paulo"]
[Date "1996.??.??"]
[Round "7"]
[White "Souza Neves, Andrey M"]
[Black "Ruppel, Luiz B"]
[Result "1-0"]
[WhiteElo "2150"]
[BlackElo "2255"]

1.d4 Nf6 2.Nf3 g6 3.c4 Bg7 4.Nc3 O-O 5.e4 d6 6.Be2 e5 7.O-O Nc6 8.d5 Ne7
9.b4 Ne8 10.c5 f5 11.Qb3 Nf6 12.cxd6 cxd6 13.Bd3 Kh8 14.Nd2 f4 15.f3 g5 16.h3 h5
17.Nc4 Ng6 18.Kf2 Nh4 19.Bb2 Qd7 20.Rh1 b5 21.Na5 a6 22.Qc2 Kg8 23.a4 bxa4
24.Nc6 Ng6 25.Nxa4 Qc7 26.Kf1 g4 27.hxg4 hxg4 28.Qf2 g3 29.Qb6 Qf7 30.Nd8 Qe7
31.Nc6 Qe8 32.Qc7 Ng4 33.Ke2 Nf2 34.Nb6 Nxd3 35.Kxd3 Bf5 36.Nxa8 Bxe4+ 37.Kxe4 Qxa8
38.Qxd6  1-0

[Event "Sas van Gent op U20"]
[Site "Sas van Gent"]
[Date "1996.??.??"]
[Round "3"]
[White "Martin, David"]
[Black "De Vreesse, Seppe"]
[Result "1-0"]
[WhiteElo "2155"]
[BlackElo "2110"]

1.d4 Nf6 2.c4 g6 3.Nc3 Bg7 4.e4 O-O 5.Be2 d6 6.Nf3 e5 7.O-O Nc6 8.d5 Ne7
9.Ne1 Nd7 10.f3 f5 11.g4 f4 12.h4 Kh8 13.Ng2 Ng8 14.Bd2 Bf6 15.Be1 Rf7 16.Bf2 Qf8
17.Nb5 Nb6 18.a4 Bd8 19.a5 Nd7 20.Nxa7 Ndf6 21.Nxc8 Rxc8 22.Be1 Nd7 23.b4 Qh6
24.Qc1 g5 25.h5 Ne7 26.c5 c6 27.a6 b6 28.a7 Ra8 29.dxc6 Nxc6 30.Bc4 Rg7 31.Bd5 dxc5
32.bxc5 Nd4 33.Qc4  1-0

[Event "Sas van Gent op U20"]
[Site "Sas van Gent"]
[Date "1996.??.??"]
[Round "4"]
[White "Gustafsson, Jan"]
[Black "Agopov, Mikael"]
[Result "1-0"]
[WhiteElo "2310"]
[BlackElo "2295"]

1.d4 Nf6 2.c4 g6 3.Nc3 Bg7 4.e4 d6 5.Nf3 O-O 6.Be2 e5 7.O-O Nc6 8.dxe5 dxe5
9.Bg5 Qe8 10.Nd5 Nxd5 11.cxd5 Nd4 12.Nxd4 exd4 13.Bd3 f5 14.exf5 Bxf5 15.Bc4 Qd7
16.Qb3 Kh8 17.Rae1 h6 18.Be7 Rfe8 19.d6 Rec8 20.Bb5 c6 21.Bc4 Kh7 22.Be6 Bxe6
23.Qxe6 Qxe6 24.Rxe6 Bf8 25.d7 Rcb8 26.Rfe1 d3 27.Bxf8 Rxf8 28.Re8 d2 29.R8e7+ Kg8
30.Rd1 Rf7 31.Re8+ Rf8 32.Rxa8 Rxa8 33.Rxd2 Rd8 34.Rd6 Kf7 35.f4 c5 36.Kf2 h5
37.Ke3 b6 38.Ke4 Ke7 39.Rxg6 Kxd7 40.Rh6 Re8+ 41.Kd3 c4+ 42.Kd2 b5 43.Rxh5 Kc6
44.Re5 Rd8+ 45.Kc2 Rh8 46.h3 Rg8 47.g4 Rh8 48.Re3 b4 49.f5 Kd5 50.f6 Kd4
51.Rf3 Ke4 52.Rf1  1-0

[Event "DLM U20"]
[Site "Schoeneck"]
[Date "1996.??.??"]
[Round "6"]
[White "Buhr, Carl Christian"]
[Black "Mai, Philipp"]
[Result "0-1"]
[WhiteElo "2245"]
[BlackElo "2150"]

1.d4 Nf6 2.c4 g6 3.Nc3 Bg7 4.e4 d6 5.Nf3 O-O 6.Be2 e5 7.O-O Nc6 8.d5 Ne7
9.b4 Nh5 10.Qb3 h6 11.g3 f5 12.Nd2 Nf6 13.f3 h5 14.Rf2 Bh6 15.Nf1 Bxc1 16.Rxc1 f4
17.c5 g5 18.gxf4 gxf4 19.Rg2+ Kh7 20.Kh1 Bh3 21.Rg1 h4 22.Nd1 Rg8 23.Rc2 Qd7
24.Bc4 Rxg1+ 25.Kxg1 Rg8+ 26.Kf2 Qe8 27.Ke1 Rg1 28.Rf2 Nh5 29.Bd3 Ng3 30.Qc4 Qd7
31.Nc3 Bxf1 32.Bxf1 Qh3 33.cxd6 cxd6 34.hxg3 fxg3 35.Kd2 Qd7 36.Rg2 Rxg2+
37.Bxg2 h3 38.Bxh3 Qxh3 39.Qc7 Qh6+ 40.Kd3 Qf6 41.Ne2 Kg8 42.Nxg3 Qxf3+ 43.Kc4 Kf8
44.Qxd6 Qxg3 45.Qd8+ Kf7 46.d6 b5+ 47.Kxb5 Qd3+ 48.Ka4 Qc2+ 49.Ka3 Qc3+ 50.Ka4 Qxb4+
51.Kxb4 Nc6+ 52.Kc5 Nxd8 53.Kd5 Kf6 54.a4 a5 55.d7 Nf7 56.Kc5 Ke6 57.Kc6 Ke7
58.Kc7 Nd8 59.Kb6 Kxd7 60.Kxa5 Kc6 61.Ka6 Nb7 62.a5 Nxa5  0-1

[Event "Schoeneck"]
[Site "Schoeneck"]
[Date "1996.??.??"]
[Round "9"]
[White "Dydyshko, Viacheslav"]
[Black "Kachiani Gersinska, Ketino"]
[Result "1-0"]
[WhiteElo "2545"]
[BlackElo "2415"]

1.d4 Nf6 2.c4 g6 3.Nc3 Bg7 4.e4 d6 5.Be2 O-O 6.Nf3 e5 7.O-O Nc6 8.d5 Ne7
9.b4 a5 10.Ba3 axb4 11.Bxb4 Nd7 12.a4 Nc5 13.Nd2 Na6 14.Ba3 Bd7 15.Nb3 b6
16.a5 Nc8 17.axb6 cxb6 18.Bc1 Ra7 19.Rxa6 Rxa6 20.c5 Ra8 21.c6 Be8 22.Qc2 f5
23.Be3 f4 24.Bc1 h5 25.h3 Rf6 26.Qd1 Ra7 27.Nd2 Bh6 28.Nb5 Rg7 29.Qa4 g5
30.f3 g4 31.fxg4 f3 32.Nxf3 hxg4 33.hxg4 Rxg4 34.Bxh6 Rxh6 35.Nxe5 Rxg2+
36.Kxg2 dxe5 37.Qa3 Rg6+ 38.Kf2 Qh4+ 39.Ke3 Rg3+ 40.Rf3 Qg5+ 41.Kd3 Rxf3+
42.Bxf3 Qf4 43.Kc2 Qh2+ 44.Kb1 Qd2 45.Qc3 Qf2 46.Qd3 Kf8 47.Be2 Qg1+ 48.Kb2 Qh2
49.Qf3+ Ke7 50.Qg4 Qh6 51.Qxc8 Qd2+ 52.Kb3 Qxe2 53.Nc3 Qd3 54.Qc7+ Kf8 55.Qxb6 Bh5
56.c7 Bd1+ 57.Kb4 Bg4 58.Qc5+  1-0

[Event "SLO-ch (Women)"]
[Site "SLO"]
[Date "1996.??.??"]
[Round "?"]
[White "Vospernik, Mira"]
[Black "Mihevc, Narcisa"]
[Result "0-1"]
[WhiteElo "2120"]
[BlackElo "2235"]

1.d4 Nf6 2.c4 g6 3.Nc3 Bg7 4.e4 d6 5.Nf3 O-O 6.Be2 e5 7.O-O Nc6 8.d5 Ne7
9.Bg5 h6 10.Bh4 Nh5 11.Nd2 Nf4 12.f3 f5 13.b4 g5 14.Bf2 Neg6 15.c5 Nh4 16.g3 Nh3+
17.Kh1 Nxf2+ 18.Rxf2 fxe4 19.Ncxe4 Nf5 20.Nc4 dxc5 21.bxc5 Nd4 22.Ne3 b6
23.Bc4 Kh8 24.Rc1 bxc5 25.Nxc5 g4 26.Be2 Qg5 27.Rc3 Qg6 28.Bd3 Qe8 29.Be4 gxf3
30.Nc4 Bf5 31.Bxf3 Bg4 32.Nd2 Nxf3 33.Nxf3 Rd8 34.Ne4 Qb5 35.Rc5 Qb4 36.Qd3 Rf7
37.Kg2 Rdf8 38.Rc4 Bxf3+  0-1

[Event "SLO-chT sf"]
[Site "SLO"]
[Date "1996.??.??"]
[Round "1"]
[White "Hribar, Janez"]
[Black "Vrcon, D."]
[Result "0-1"]
[WhiteElo "2065"]
[BlackElo "2085"]

1.d4 Nf6 2.Nf3 g6 3.c4 Bg7 4.Nc3 O-O 5.e4 d6 6.Be2 e5 7.O-O Nc6 8.d5 Ne7
9.Ne1 Nd7 10.Be3 f5 11.f3 f4 12.Bf2 g5 13.b4 Nf6 14.c5 Ne8 15.Rc1 Ng6 16.cxd6 Nxd6
17.Nb5 Nxb5 18.Bxb5 Bd7 19.Bc4 Kh8 20.h3 Rf6 21.Nd3 b6 22.Ba6 Bf8 23.Qc2 Bd6
24.a4 Qe7 25.Nc5 Bc8 26.Qc4 Qe8 27.Bb5 Qg8 28.Nd7 Rf7 29.Bc6 Bxd7 30.Bxa8 Qxa8
31.b5 h5 32.Qe2 Qd8 33.Rc3 Rh7 34.Rfc1 Ne7 35.a5 Ng8 36.axb6 axb6 37.Ra1 Nf6
38.Ra7 g4 39.Qa2 Kg7 40.Bh4 gxh3 41.gxh3 Kf7 42.Ra8 Rg7+ 43.Kh1 Bc8 44.Qf2 Qd7
45.Qf1 Nh7 46.Rc2 Ng5 47.Kh2 Qxb5 48.Qd1 Qd7 49.Qf1 b5 50.Rxc8 Qxc8 51.Bxg5 Rxg5
52.Qxb5 Rg3 53.Qf1 Qb7 54.Qc1 Qb6 55.Qe1 Qb3 56.Rg2 h4  0-1

[Event "Sochi"]
[Site "Sochi"]
[Date "1996.??.??"]
[Round "?"]
[White "Averkin, Orest N"]
[Black "Nadyrhanov, S."]
[Result "1/2-1/2"]
[WhiteElo "2455"]
[BlackElo "2490"]

1.d4 Nf6 2.Nf3 d6 3.c4 g6 4.Nc3 Bg7 5.e4 O-O 6.Be2 e5 7.O-O Nc6 8.d5 Ne7
9.Ne1 Ne8 10.Nd3 f5 11.f3 f4 12.b4 h5 13.a4 g5 14.a5 Rf6 15.c5 Rg6 16.Nf2 Kh8
17.Nb5 Ng8 18.Ra2 g4 19.fxg4  1/2-1/2

[Event "BUL-ch"]
[Site "Sofia"]
[Date "1996.??.??"]
[Round "1"]
[White "Drenchev, Petar"]
[Black "Georgiev, Vladimir"]
[Result "1/2-1/2"]
[WhiteElo "2310"]
[BlackElo "2465"]

1.c4 g6 2.d4 Bg7 3.Nc3 d6 4.e4 Nf6 5.Be2 O-O 6.Nf3 e5 7.O-O Nc6 8.d5 Ne7
9.Ne1 Nd7 10.Be3 f5 11.f3 f4 12.Bf2 g5 13.a4 Rf6 14.Nd3 Rh6 15.g4 fxg3 16.hxg3 Nf6
17.Be3 Nh5 18.Kf2 Ng6 19.Rh1 Nhf4 20.Rxh6 Bxh6 21.Qh1 Nh3+ 22.Ke1 Qf8 23.Nf2 Nxf2
24.Kxf2 Bd7 25.Qh5 Nh8 26.Bxg5 Bxg5 27.Qxg5+ Qg7 28.Qxg7+ Kxg7 29.Nb5 Bxb5
30.axb5 Ng6 31.Ke3 Kf6 32.f4 b6 33.b4 h6 34.Bg4 Rg8 35.Be6 Rg7 36.f5 Nf8
37.Kf2 Nh7 38.Rh1 Kg5 39.c5 bxc5 40.bxc5 dxc5 41.Kf3 h5 42.Rc1 Kf6 43.Rxc5 Ng5+
44.Ke3 Nh3 45.Ke2 Ng1+ 46.Kf2 Nh3+ 47.Kf1 Ng5 48.Rc4 Nf3 49.Ra4 Nd4 50.Rxa7 Nxb5
51.Ra8 Nd6 52.Kf2 Nxe4+ 53.Kf3 Ng5+ 54.Kf2 Ne4+ 55.Kf3  1/2-1/2

[Event "Solymar op"]
[Site "Solymar"]
[Date "1996.??.??"]
[Round "?"]
[White "Lukacs, Peter"]
[Black "Groszpeter, Attila"]
[Result "1-0"]
[WhiteElo "2440"]
[BlackElo "2565"]

1.d4 Nf6 2.c4 g6 3.Nc3 Bg7 4.e4 d6 5.Nf3 O-O 6.Be2 e5 7.O-O Nc6 8.d5 Ne7
9.b4 a5 10.Ba3 axb4 11.Bxb4 Nd7 12.a4 h6 13.Nd2 f5 14.a5 Kh7 15.Nb3 fxe4
16.Nxe4 Nf6 17.Bd3 Nxe4 18.Bxe4 Bf5 19.f3 Bxe4 20.fxe4 Ng8 21.c5 Rf4 22.Qd3 Qd7
23.g3 Rxf1+ 24.Qxf1 h5 25.Qc4 h4 26.c6 bxc6 27.dxc6 Qg4 28.Qd3 Nf6 29.Nd2 Nh5
30.Ra3 hxg3 31.hxg3 Rb8 32.a6 Rxb4 33.a7 Nxg3 34.Qxg3 Qxg3+ 35.Rxg3 Ra4 36.Rb3 Rxa7
37.Rb7 Ra2 38.Nf3 Rc2 39.Rxc7 Kh6 40.Ne1 Rc4 41.Nd3  1-0

[Event "Solymar op"]
[Site "Solymar"]
[Date "1996.??.??"]
[Round "?"]
[White "Sinkovics, Peter"]
[Black "Videki, Sandor"]
[Result "1-0"]
[WhiteElo "2405"]
[BlackElo "2460"]

1.d4 Nf6 2.Nf3 g6 3.c4 Bg7 4.Nc3 O-O 5.e4 d6 6.Be2 e5 7.O-O Nc6 8.d5 Ne7
9.Nd2 a5 10.a3 Bd7 11.b3 c6 12.Rb1 b5 13.dxc6 b4 14.axb4 axb4 15.Nd5 Nxc6
16.Bb2 Be6 17.Bf3 Nd7 18.Re1 Nc5 19.Qc2 Bh6 20.Bc1 Nd4 21.Qd1 Nd3 22.Rf1 Bxd5
23.cxd5 Ra2 24.Nc4 Nxc1 25.Rxc1 Bxc1 26.Qxc1 Rc2 27.Qb1 Rc3 28.Bd1 f5 29.exf5 gxf5
30.Qa2 Qc7 31.Qa6 Rxc4 32.bxc4 b3 33.Bh5 Rb8 34.Qa4 Qb7 35.c5 dxc5 36.d6 b2
37.Qc4+ Kh8 38.Rb1 Qc6 39.Qc3 Qxd6 40.Rxb2 Rg8  1-0

[Event "RUS-Cup1 Chigorin mem"]
[Site "St Petersburg"]
[Date "1996.??.??"]
[Round "2"]
[White "Popov, Valerij"]
[Black "Driamin, Dmitrij"]
[Result "1-0"]
[WhiteElo "2415"]
[BlackElo "2225"]

1.d4 Nf6 2.Nf3 g6 3.c4 Bg7 4.Nc3 O-O 5.e4 d6 6.Be2 e5 7.O-O Nc6 8.d5 Ne7
9.b4 Nh5 10.Re1 Nf4 11.Bf1 c6 12.Be3 f5 13.Bxf4 exf4 14.e5 cxd5 15.cxd5 dxe5
16.Nxe5 Bd7 17.Rc1 Nc8 18.d6 Bxe5 19.Qd5+ Kg7 20.Qxe5+ Qf6 21.Qxf4 g5 22.Qd2 Nb6
23.Re7+ Rf7 24.Nd5 Nxd5 25.Qxd5 Rxe7 26.dxe7 Bc6 27.Qc5 a6 28.Re1 Re8 29.h3 h5
30.Bc4 g4 31.Re6 Qa1+ 32.Kh2 gxh3 33.Qxf5  1-0

[Event "RUS-Cup1 Chigorin mem"]
[Site "St Petersburg"]
[Date "1996.??.??"]
[Round "2"]
[White "Biriukov, Oleg V"]
[Black "Nekrasova, Elena"]
[Result "1-0"]
[WhiteElo "2415"]
[BlackElo "2085"]

1.d4 Nf6 2.c4 g6 3.Nc3 Bg7 4.e4 d6 5.Nf3 O-O 6.Be2 e5 7.O-O Nc6 8.d5 Ne7
9.Nd2 Ne8 10.b4 f5 11.c5 f4 12.Nc4 g5 13.Ba3 Rf6 14.b5 dxc5 15.Bxc5 Ng6 16.Rb1 Bf8
17.Bxf8 Kxf8 18.Bh5 Nd6 19.Nd2 Nh4 20.Nf3 Nxf3+ 21.Qxf3 g4 22.Bxg4 Bxg4 23.Qxg4 f3
24.g3 Qe7 25.Rfd1 Qf7 26.Rd3 h6 27.Rb3 h5 28.Qg5 Re8 29.Kf1 Re7 30.Ra3 a6
31.bxa6 bxa6 32.Rxa6 Ke8 33.Ra8+ Kd7 34.Qg8 Qxg8 35.Rxg8 Re8 36.Rxe8 Kxe8
37.Ke1 Nc4 38.Nb5 Rb6 39.a4 Nb2 40.Rb3 Nxa4 41.Nxc7+ Kd7 42.Rxb6 Nxb6 43.Ne6 Na4
44.Ng5 Nc5 45.Kd2  1-0

[Event "RUS-Cup1 Chigorin mem"]
[Site "St Petersburg"]
[Date "1996.??.??"]
[Round "3"]
[White "Lugovoi, Aleksei"]
[Black "Fedorov, Alexei"]
[Result "0-1"]
[WhiteElo "2500"]
[BlackElo "2555"]

1.d4 Nf6 2.c4 g6 3.Nc3 Bg7 4.e4 d6 5.Nf3 O-O 6.Be2 e5 7.O-O Nc6 8.d5 Ne7
9.Nd2 c5 10.Rb1 Ne8 11.b4 b6 12.bxc5 bxc5 13.Nb3 f5 14.Bd2 Nf6 15.f3 Kh8
16.Qc2 f4 17.Nb5 Qd7 18.Qc3 g5 19.Be1 Ng6 20.Qa5 Rf7 21.Bf2 g4 22.fxg4 Nxe4
23.Bd3 Nxf2 24.Rxf2 e4 25.Bxe4 Ne5 26.Bf5 Qe7 27.Rxf4 Nxg4 28.Re4 Ne5 29.Bxc8 Rxc8
30.Qe1 a6 31.Nc3 Qg5 32.Qg3 Qf5 33.Nd2 Rcf8 34.h3 Bh6 35.Rxe5 dxe5 36.Rd1 Rg7
37.Qe1 Qxh3  0-1

[Event "RUS-Cup1 Chigorin mem"]
[Site "St Petersburg"]
[Date "1996.??.??"]
[Round "5"]
[White "Biriukov, Oleg V"]
[Black "Ignatiev, Alexander"]
[Result "1/2-1/2"]
[WhiteElo "2415"]
[BlackElo "2360"]

1.d4 Nf6 2.c4 g6 3.Nc3 Bg7 4.e4 d6 5.Nf3 O-O 6.Be2 e5 7.O-O Nc6 8.d5 Ne7
9.b4 a5 10.Ba3 Nd7 11.Nd2 axb4 12.Bxb4 Nc5 13.Bxc5 dxc5 14.Nb3 f5 15.Nxc5 b6
16.Nb3 fxe4 17.Nxe4 Nf5 18.a4 Nd6 19.Bd3 Bf5 20.f3 Qh4 21.Qe1 Qxe1 22.Rfxe1 Bxe4
23.fxe4 Nb7 24.c5 Nxc5 25.Nxc5 bxc5 26.Bc4 Bh6 27.d6+ Kg7 28.dxc7 Rfc8 29.Red1 Be3+
30.Kf1  1/2-1/2

[Event "RUS-Cup1 Chigorin mem"]
[Site "St Petersburg"]
[Date "1996.??.??"]
[Round "6"]
[White "Savon, Vladimir A"]
[Black "Driamin, Dmitrij"]
[Result "1/2-1/2"]
[WhiteElo "2435"]
[BlackElo "2225"]

1.d4 Nf6 2.Nf3 g6 3.c4 Bg7 4.Nc3 O-O 5.e4 d6 6.Be2 e5 7.O-O Nc6 8.d5 Ne7
9.b4 Nh5 10.Re1 Nf4 11.Bxf4 exf4 12.Rc1 a5 13.b5 Bg4 14.Nd4 Bxe2 15.Ncxe2 Bh6
16.Qd2 Nc8 17.Nf3 Re8 18.Ned4 Qf6 19.c5  1/2-1/2

[Event "Stary Smokovec"]
[Site "Stary Smokovec"]
[Date "1996.??.??"]
[Round "?"]
[White "Sergeev, Vladimir"]
[Black "Mrva, Martin"]
[Result "0-1"]
[WhiteElo "2435"]
[BlackElo "2410"]

1.d4 Nf6 2.c4 g6 3.Nc3 Bg7 4.e4 d6 5.Be2 O-O 6.Nf3 e5 7.O-O Nc6 8.d5 Ne7
9.b4 a5 10.bxa5 Rxa5 11.a4 c5 12.dxc6 bxc6 13.Ba3 c5 14.Qc2 Nc6 15.Rad1 Nd4
16.Nxd4 exd4 17.Nb5 Qe7 18.f3 Bb7 19.Ra1 Rfa8 20.Bb2 Bc6 21.Bd3 Bh6 22.Rfe1 Nd7
23.Qb3 Ne5 24.Bf1 Bd2 25.Red1 Be3+ 26.Kh1 f5 27.exf5 Nxf3 28.Qc2 Nxh2 29.Qe2 Qh4
30.Qe1 Qh5  0-1

[Event "Rilton Cup 96/97"]
[Site "Stockholm"]
[Date "1996.??.??"]
[Round "1"]
[White "Johansen, Terje"]
[Black "Zakariasen, Peter"]
[Result "1-0"]
[WhiteElo "2375"]
[BlackElo "2035"]

1.d4 Nf6 2.c4 g6 3.Nc3 Bg7 4.e4 d6 5.Nf3 O-O 6.Be2 e5 7.O-O Nc6 8.dxe5 dxe5
9.Bg5 h6 10.Qxd8 Rxd8 11.Bxf6 Bxf6 12.Nd5 Bg7 13.Nxc7 Rb8 14.Nd5 f5 15.Nd2 Nd4
16.Bd3 Be6 17.f3 Bf8 18.g3 b5 19.b3 Bxd5 20.exd5 bxc4 21.Bxc4 Bc5 22.Kh1 Nc2
23.Rab1 Ne3 24.Rfe1 Bd4 25.f4 e4 26.Nf1 Nc2 27.Re2 Na3 28.Rd1 Bc5 29.g4 Rb4
30.gxf5 gxf5 31.Ng3 Rf8 32.Rc1 Bd6 33.Nh5 Rf7 34.Ba6 Rb6 35.Bc8 Rc7 36.Rxc7 Bxc7
37.Bxf5 Nb5 38.Rxe4 Nd6 39.Be6+ Kf8 40.Re2 Nb5 41.Rg2 Ke7 42.a4  1-0

[Event "Rilton Cup 96/97"]
[Site "Stockholm"]
[Date "1996.??.??"]
[Round "6"]
[White "Eklund, Mathias"]
[Black "Borge, Nikolaj"]
[Result "0-1"]
[WhiteElo "2215"]
[BlackElo "2455"]

1.d4 Nf6 2.c4 g6 3.Nc3 Bg7 4.e4 d6 5.Nf3 O-O 6.Be2 e5 7.O-O Nc6 8.d5 Ne7
9.Ne1 Nd7 10.Nd3 f5 11.Bd2 Kh8 12.Qc2 c5 13.a3 Nf6 14.f3 f4 15.b4 b6 16.Rfb1 g5
17.bxc5 bxc5 18.Nf2 h5 19.h3 Rg8 20.Nb5 Bf8 21.Qd1 Rg7 22.Qe1 a5 23.Nc3 a4
24.Qd1 Bd7 25.Rb7 Qc8 26.Rab1 Neg8 27.R1b6 Nh6 28.Qb1 Qd8 29.Nb5 Ne8 30.Na7 g4
31.hxg4 hxg4 32.fxg4 Qf6 33.Nc6 Bxg4 34.Rxg7 Bxe2 35.Rd7 f3 36.Rbb7 Qg6 37.Rh7+ Kg8
38.g4 Nxg4  0-1

[Event "SUI-chT"]
[Site "SUI"]
[Date "1996.??.??"]
[Round "9"]
[White "Siegel, Georg"]
[Black "Renet, Olivier"]
[Result "1/2-1/2"]
[WhiteElo "2475"]
[BlackElo "2505"]

1.Nf3 d6 2.c4 g6 3.Nc3 Bg7 4.d4 Nf6 5.e4 O-O 6.Be2 e5 7.O-O Nc6 8.d5 Ne7
9.Ne1 Nd7 10.Nd3 f5 11.Bd2 Kh8 12.Rc1 Nf6 13.f3 c6 14.dxc6 bxc6 15.Kh1 Be6
16.c5 d5 17.exf5 Bxf5 18.Nxe5 d4 19.Ne4 Nxe4 20.fxe4 Bxe5 21.exf5 Nxf5 22.Rf3 Qc7
23.Qg1 Ne3 24.Rh3 Rf6 25.Bxe3 dxe3 26.Qxe3 Bxb2 27.Re1 Rd8 28.Bc4 Rf4 29.Qe6 Rdf8
30.g3 R4f6 31.Qe7 Qxe7 32.Rxe7 h5 33.g4 Rf4 34.Be2 Bf6 35.Rxa7 Rf2 36.Re3 Rb8
37.Kg1 Rf4 38.Kg2 hxg4 39.Kg3 Rf5 40.h4 Rxc5 41.Re6 Rc3+ 42.Kg2 Rf8 43.Rd7 Ra3
44.Re4  1/2-1/2

[Event "SVK-chT9596"]
[Site "?"]
[Date "1996.??.??"]
[Round "1"]
[White "Jakubek, Peter"]
[Black "Komora, Andrej"]
[Result "0-1"]
[WhiteElo "2225"]
[BlackElo "2145"]

1.d4 Nf6 2.c4 g6 3.Nf3 Bg7 4.Nc3 O-O 5.e4 d6 6.Be2 Nc6 7.O-O e5 8.d5 Ne7
9.Ne1 Ne8 10.Be3 f5 11.f3 Nf6 12.c5 f4 13.Bf2 Bd7 14.cxd6 cxd6 15.Nb5 Bxb5
16.Bxb5 a6 17.Be2 Qd7 18.Bh4 h6 19.Bxf6 Bxf6 20.a4 Rac8 21.a5 Kh7 22.Nd3 Ng8
23.Qd2 Rc7 24.Rfc1 Rfc8 25.Rxc7 Rxc7 26.Rc1 Bd8 27.Rxc7 Bxc7 28.Qb4 Bb8 29.Qc4 Ba7+
30.Kf1 h5 31.b3 h4 32.h3 Nf6 33.Nb4 Be3 34.Ke1 Qd8 35.Nc2 Qxa5+ 36.b4 Qd8
37.Qd3 Qb6 38.Qc4 Bf2+ 39.Kd1 a5 40.Qb5 Qxb5 41.Bxb5 axb4 42.Nxb4 Kg7 43.Ke2 Bc5
44.Nd3 Be3 45.Nb2 Bc5 46.Nc4 b6 47.Nd2 Kf7 48.Kd3 Ke7 49.Bc6 Kd8 50.Kc4 Ng8
51.Bb5 Be3 52.Nf1 Bg1 53.Ba4 Kc7 54.Bc6 Ne7 55.Be8 g5 56.Nd2 Ng8 57.Nb1 Nf6
58.Bf7 Nd7 59.Nc3 Bc5 60.Kb5 Bd4 61.Na4 Nf6 62.Bg6 Kb7 63.Bf7 g4 64.Bg6 g3
65.Bf5 Ne8 66.Bd7 Nc7+ 67.Kb4 Ka7 68.Nc3 Bxc3+ 69.Kxc3 b5 70.Bc8 Kb6 71.Bd7 Na6
72.Kd3 Nc5+ 73.Kc3 Nxd7  0-1

[Event "SVK-chT9596"]
[Site "?"]
[Date "1996.??.??"]
[Round "4"]
[White "Ftacnik, Lubomir"]
[Black "Gazik, Igor"]
[Result "1-0"]
[WhiteElo "2585"]
[BlackElo "2380"]

1.d4 Nf6 2.Nf3 g6 3.c4 Bg7 4.Nc3 d6 5.e4 O-O 6.Be2 e5 7.O-O Nc6 8.d5 Ne7
9.Nd2 Nd7 10.b4 f5 11.c5 Nf6 12.f3 f4 13.Nc4 g5 14.a4 h5 15.Ba3 Ng6 16.b5 Ne8
17.a5 b6 18.axb6 axb6 19.cxd6 cxd6 20.Na4 Rb8 21.Bb4 Rf7 22.Ncxb6 Rxb6 23.Ba5 Rfb7
24.Rc1 Bd7 25.Rc6 Bxc6 26.dxc6 Qb8 27.cxb7 Rxb7 28.b6 Bf6 29.Ba6 Rg7 30.Qb3+ Kh7
31.Rc1 Ne7 32.b7 g4 33.Bb6 gxf3 34.Qxf3  1-0

[Event "SVK-chT9596"]
[Site "?"]
[Date "1996.??.??"]
[Round "8"]
[White "Likavsky, Tomas"]
[Black "Salai, Ladislav"]
[Result "0-1"]
[WhiteElo "2295"]
[BlackElo "2430"]

1.d4 Nf6 2.c4 g6 3.Nc3 Bg7 4.e4 d6 5.Nf3 O-O 6.Be2 e5 7.O-O Nc6 8.d5 Ne7
9.Nd2 a5 10.a3 Bd7 11.b3 Nc8 12.Bb2 Nb6 13.Qc2 Bh6 14.b4 Bxd2 15.Qxd2 Na4
16.Nxa4 Bxa4 17.f4 Nd7 18.Bg4 f6 19.Be6+ Kg7 20.Rf3 Qe7 21.Rh3 Kh8 22.Rf1 Nb6
23.Qe2 Bd7 24.f5 g5 25.Bc1 axb4 26.axb4 Ra4 27.c5 Nc8 28.Ba3 Na7 29.Qc2 Bb5
30.Rc1 Rb8 31.cxd6 cxd6 32.Qc7 Re8 33.Bf7 Bc6 34.Qxe7 Rxe7 35.dxc6 Rxf7 36.c7 Nc8
37.Rd3 b5 38.Rcc3 Ra7 39.Rd5 Rb7 40.Kf2 Kg7 41.Ke2 Kf8 42.h4 h6 43.Bb2 Ke8
44.Kf3 gxh4 45.Bc1 Rg7 46.Be3 Rg3+ 47.Kf2 Kd7 48.Rd2 Rxc7 49.Rxc7+ Kxc7 50.Bxh6 Nb6
51.Bf8 Nc4 52.Rd5 Rg4 53.Be7 Rxe4 54.Bxf6 Ne3 55.Bd8+ Kxd8 56.Rxd6+ Kc7  0-1

[Event "SWE-chT 9596"]
[Site "?"]
[Date "1996.??.??"]
[Round "?"]
[White "Svenn, Gosta"]
[Black "Thornert, Hakan"]
[Result "1-0"]
[WhiteElo "2385"]
[BlackElo "2215"]

1.d4 Nf6 2.c4 g6 3.Nc3 Bg7 4.e4 d6 5.Nf3 O-O 6.Be2 e5 7.O-O Nc6 8.d5 Ne7
9.Ne1 Nd7 10.Be3 f5 11.f3 f4 12.Bf2 g5 13.a4 Ng6 14.a5 Rf7 15.Nd3 Bf8 16.a6 b6
17.Nb4 Nf6 18.Nc6 Qe8 19.Nb5 g4 20.fxg4 Nxe4 21.Be1 Nc5 22.Nbxa7 Nxa6 23.Nxc8 Qxc8
24.b4 Bg7 25.Bc3 Qb7 26.Qc2 Bf6 27.Ra4 b5 28.Ra5 Qb6+ 29.Kh1 Re8 30.Rxb5 Qe3
31.Rf3 Qxf3 32.gxf3 Nh4 33.Qe4 h5 34.g5 Bxg5 35.Ra5 Nb8 36.Ra8 Rff8 37.Rxb8 Rxb8
38.Nxb8 Rxb8 39.Bd3 Ra8 40.Qh7+  1-0